000 00910nam a2200313Ia 4500
001 C9624
003 IT-RoPAU
008 130308s9999 xx 000 0 und d
040 _aIT-RoPAU
040 _cIT-RoPAU
041 _aITALIANO
100 _aCampioto Anna
100 _gCodice Aut. SPICS: 43209
245 _aMusica come strumento riabilitativo (La)
245 _bMusica & Terapia-3/1-Quaderni Italiani di musicoterapia
250 _a1a ed.
260 _aALESSANDRIA
260 _bBoccassi Ugo
260 _c1995 [1° Ed.:1995 - Ed.Ling.Originale:1995]
300 _a"4 p. (prefazione: no ; testo: 4 [pagine: 23-26])"
500 _aBreve Descrizione della Tecnica D'Intervento. Un Caso Clinico.
650 _aSAGGI MUSICALI
650 _eCodice materia Spics: 7011
700 _aPeconio Rocco
700 _gCodice Aut. SPICS: 43210
942 _cBK
957 _71
999 _c85867
_d85867
999 _g1